[Event "EU-ch 2nd"]
[Site "Ohrid"]
[Date "2001.06.04"]
[Round "4"]
[White "Sulskis, Sarunas"]
[Black "Sutovsky, Emil"]
[Result "1/2-1/2"]
[WhiteElo "2530"]
[BlackElo "2604"]
[Annotator "Tyomkin,D"]
[PlyCount "62"]
[EventDate "2001.06.01"]
[EventType "swiss"]
[EventRounds "13"]
[EventCountry "YUG"]
[SourceTitle "CBM 084"]
[Source "ChessBase"]
[SourceDate "2001.09.13"]
[SourceVersion "1"]
[SourceVersionDate "2001.09.13"]
[SourceQuality "1"]

1. e4 c5 2. Nf3 d6 3. d4 Nf6 4. Nc3 cxd4 5. Nxd4 a6 6. Bg5 e6 7. f4 Qb6 8. Bxf6
gxf6 9. Be2 (9. Qd2 Qxb2 10. Rb1 Qa3 11. Be2 Bg7 12. O-O f5 $1 13. Kh1 Qc5 14.
e5 dxe5 $17 {0-1 Nakamura,H-Novikov,I/New York USA 2001 (36)}) 9... Qxb2 (9...
Nc6 10. Nb3 Bd7 (10... Qe3 11. Rf1 Be7 12. Rf3 Qg1+ 13. Bf1 Qxh2 14. Qd2 Qh4+
15. g3 Qh5 16. Qf2 f5 17. exf5 Qxf5 18. O-O-O $44 {1-0 Hector,J-Schandorff,L/
Tastrup 1990/CBM 20 (37)}) 11. Qd3 h5 (11... O-O-O 12. Bh5 $1) 12. O-O-O O-O-O
13. Kb1 Be7 14. h4 Na5 15. Bf3 Kb8 16. Qe2 Rh7 17. Bxh5 $16 {1-0 Sulskis,
S-Zagorskis,D/Kaunas 2001/CBM 82 ext (39)}) (9... Rg8 10. Qd3 Nc6 (10... Rxg2
11. O-O-O Nc6 $13) 11. Nxc6 (11. Nb3 Rxg2 12. Qf3 Rg1+ 13. Rxg1 Qxg1+ 14. Kd2
$132 {1-0 Hector,J-Akesson,R/Orebro 2000/CBM 77 ext (41)}) 11... bxc6 (11...
Qxc6 $6 12. Bf3 $16 {[%cal Ge1c1]}) 12. e5 (12. Bf3 Rb8 13. b3 a5 14. Na4 Qa7
15. c4 $14 {1/2-1/2 Hector,J-Rowson,J/York 2000/CBM 81 (35)}) 12... d5 (12...
Rxg2 13. O-O-O $44) 13. exf6 Rxg2 14. O-O-O a5 (14... Rb8 $5) 15. Bh5 Ra7 16.
Rde1 Rb7 17. Nd1 Qb4 $17 {1-0 Hector,J-Kopylov,M/Hamburg 2000/CBM 76 ext (42)})
10. Na4 Qa3 (10... Qb4+ 11. c3 Qa5 12. O-O Bd7 13. Nb2 Nc6 (13... Qxc3 14. Nc4
Nc6 15. Nb3 $44) 14. Nc4 Qc7 15. f5 Ne5 16. Qb3 b5 {1/2-1/2 Hellers,F-Ribli,Z/
Amsterdam 1986/CBM 01 (16)} 17. fxe6 fxe6 18. Ne3 Ke7 19. Ndf5+ Kd8 20. Nd4 Ke7
$11) 11. c3 Nd7 12. O-O b5 13. Bh5 Bb7 $1 $146 {Sulskis has played this
variation against Zagorskis in Lithuanian Championship which was held just
before the European Championship; Emil has prepared an improvement of one of
main lines of this variation with 8.Bxf6 and 9.Be2 by the game Hector-Olaffson
(Hector is one of experts of this variation), and probably not without the
help of Fritz he found the idea 13...Bb7 and tactical proof of it (at least my
engine shows 13...Bb7 at once, and also it finds out very important 14.Ne6
Rb8!- see 14.Ne6);} (13... bxa4 14. Bxf7+ Ke7 (14... Kd8 15. Bxe6 $44) 15. Nc6+
Kxf7 16. Qh5+ Kg7 17. Nd4 (17. Qg4+ Kf7 18. Qh5+ $11) 17... Rg8 $19 {[%cal
Gg7h8]} 18. Nxe6+ Kh8 19. Rf2 Qxc3 20. Raf1 Nc5 21. Rf3 Qc2 22. Ng5 fxg5 23.
fxg5 Ne6 24. Rf7 Nxg5 {0-1 Hector,J-Olafsson,H/Reykjavik 1995/CBM 47 (24)}) (
13... Qxa4 14. Bxf7+ Kd8 15. Nxe6+ Ke7 16. Qh5 $40) 14. Qg4 (14. Nxe6 {[%cal
Re6c7]} Rb8 $3 {found by Fritz 6; The point is that after 15.Nxf8 Rxf8 black
can not save the knight a4 by 16.Rb1-Bb7 is protected in that case by Rb8;} (
14... Rc8 15. Nxf8 Rxf8 16. Rb1 $1 Ba8 (16... Bxe4 17. Rb4 $1 d5 18. Re1 $16 {
[%cal Rd1d5]}) 17. Rb4 $5 (17. Nb2) 17... bxa4 18. Qxd6 Qxc3 19. Bg4 $36) 15.
e5 $1 (15. Nc7+ Kd8 16. Nd5 Qxa4 $17) (15. Bxf7+ Kxf7 16. Qh5+ Kxe6 $19) 15...
bxa4 16. Nxf8 Rxf8 17. e6 Nb6 18. exf7+ Kd7 {and white doesn't have enough
resources to create black king additional threats;}) 14... O-O-O (14... f5 $5
15. Bxf7+ $1 Kxf7 16. Qh5+ {and white's attack is on;}) 15. Bxf7 Qxa4 16. Nxe6
{White can look for improvement after 16.Qxe6, because after 16.Nxe6 black can
successfully repulse white's attack keeping some material advantage at the end;
} (16. Qxe6 $5 Qa3 {[%cal Ga3c5]}) 16... Bxe4 {[%mdl 1024]} 17. Rad1 h5 (17...
f5 18. Qh4 {and like in the game, but black is missing useful h7-h5;}) 18. Qh3
f5 19. Rd4 (19. Qh4 Qa5 $15) 19... Qc2 (19... Qa3 {-leads to the the game
continuation;}) 20. Rf2 Qc1+ 21. Rf1 Qc2 22. Rf2 Qc1+ 23. Rf1 {White is
already happy to achieve a draw out of this combat, but Sutovsky is reasonably
going on;} Qa3 24. Kh1 (24. Qh4 Bh6 25. Qe7 (25. Nxd8 Rxd8 $17) 25... Rdg8 $17)
24... Nf6 {At this point Sutovsky declined (or just overlooked?) following way
to increase his advantage:} (24... Qxa2 $1 {[%cal Ga2e2]} 25. Nxd8 Qe2 $1 $19 {
for example:} 26. Kg1 Kxd8 27. Rf2 Qg4 28. Qe3 h4 {and black has material
advantage, and no real threats against black king;}) 25. Rxe4 fxe4 26. Nxf8+
Ng4 (26... Kb8 $5 27. Ng6 (27. Ne6 Rc8 28. Qe3 Rc6 $19 {[%cal Ga3c3]}) 27...
Rh6 28. Qe6 Qxc3 29. Qe7 Rc8 30. Qxd6+ Ka7 31. f5 {and white still keeps some
initiative;}) 27. Bxh5 Rhxf8 $2 {After this unaccuracy, white finally can
achieve so wanted draw!} (27... Kb8 28. Qxg4 Rdxf8 29. Qg7 $1 Qc5 $17) 28.
Bxg4+ $11 Kb8 29. Qe3 d5 (29... Qc5 30. Qxe4 Qxc3 31. Be6 $1 {[%cal Gf4f5] and
white is clearly not worse;}) 30. Qb6+ Ka8 31. Qc6+ Kb8 1/2-1/2

[Event "Norway Chess 5th"]
[Site "Stavanger"]
[Date "2017.06.16"]
[Round "9"]
[White "Caruana, Fabiano"]
[Black "Nakamura, Hikaru"]
[Result "1-0"]
[WhiteElo "2808"]
[BlackElo "2785"]
[Annotator "Yermolinsky,A"]
[PlyCount "117"]
[EventDate "2017.06.06"]
[EventType "tourn"]
[EventRounds "9"]
[EventCountry "NOR"]
[EventCategory "22"]
[SourceTitle "CBM 179"]
[Source "ChessBase"]
[SourceDate "2017.07.12"]
[SourceVersion "1"]
[SourceVersionDate "2017.07.12"]
[SourceQuality "1"]

1. e4 c5 2. Nf3 d6 3. d4 cxd4 4. Nxd4 Nf6 5. Nc3 a6 6. Bg5 e6 7. f4 Qb6 8. Qd3
Qxb2 9. Rb1 Qa3 10. f5 Be7 11. fxe6 fxe6 12. Be2 Qa5 13. Bd2 Qc7 14. g4 h6 {
Lots of theory here, in this modern take on the Poisoned Pawn.} 15. Rg1 {
Caruana seeks his own way.} ({The originators of the whole line, the Azeri
stars Radjabov, Gashimov and Mamedov, split their efforts between} 15. Qh3) ({
and} 15. e5) 15... Bd7 16. g5 hxg5 17. Rxg5 Nc6 {Hikaru decides to gives back
the pawn right away. By doing this he utilises a common approach of
side-stepping the bulk of opponent's preparation. The drawback is in settling
for an inferior move.} ({I'm sure Fabi had some home cooking ready for} 17...
Rh7 {but likely, it was not} 18. e5 dxe5 19. Ne4 $2 Nxe4 20. Qxe4 Bxg5 21. Qxh7
Bxd2+ 22. Kxd2 Qa5+ 23. Kd1 Qd5 $17) 18. Rxg7 O-O-O (18... Nxd4 19. Qxd4 {
and Black cannot castle.}) 19. Ncb5 $1 axb5 20. Nxb5 Ne5 $1 (20... Qb8 {
gets trashed by} 21. Rxe7 Nxe7 22. Nxd6+ Kc7 23. Bf4) 21. Nxc7 Nxd3+ 22. cxd3
Ng8 $2 ({The redemption could only be found in an incredible
computer-generated idea:} 22... Rxh2 $3 23. Rxe7 Rh1+ 24. Bf1 Rf8 {and Black
wins his piece back.}) 23. Na8 ({Also,} 23. Ba5 Rxh2 24. Kd2 {was quite good
for White.}) 23... Kb8 24. Nb6 Bc6 25. Bf4 {In the immortal words of Roman
Dzindzi, White has the pawn and the compensation.} e5 26. Bg3 Bf6 27. Rf7 Be8
28. Rf8 Bg7 29. Rf2 Ne7 30. Bg4 Nc6 31. Rfb2 Nd4 32. Nd5 b5 33. a4 Bh6 34. axb5
Rg8 35. h3 Kb7 36. Ne7 Rf8 37. Nc6 $1 {The shortest way to victory.} Bxc6 38.
bxc6+ Kxc6 39. Bf2 {Now White threatens to eliminate Nd4 with checkmate to
follow. Hikaru had no choice, but he knew it wasn't going to be enough.} Rxf2
40. Kxf2 Rf8+ 41. Kg2 Be3 42. Rb8 Rxb8 43. Rxb8 d5 44. Rc8+ Kd6 45. Rd8+ Ke7
46. Rd7+ Kf6 47. exd5 e4 48. dxe4 Bf4 49. h4 Nb5 50. h5 Be5 51. Bf5 Kg5 52. Bg6
Nd6 53. Re7 Nc4 54. Re6 Bf6 55. d6 Ne5 56. Bf5 Nd3 57. Rxf6 Kxf6 58. d7 Ke7 59.
h6 1-0